000 00550nam a2200229Ia 4500
003 OSt
005 20220924142505.0
006 a|||||r|||| 00| 0
007 ta
008 ASM
024 _a302175
037 _cTextual
040 _aARTS
_cARTS
_bASM
041 _2ASM
_aASM
082 _aO158,3N33,2, L6
100 _aChoudhury Medini
_9209682
245 0 _aBanduka behar
260 _c1976
650 _aASSAMESE LITERATURE
_911738
942 _hO158,3N33,2, L6
_cTEXL
_2CC
999 _c450909
_d450909